000
00273nam a2200121Ia 4500
005
20251222141845.0
008
251222s9999||||xx |||||||||||||| ||spa||
082
_a
234.92/D18
100
_a
Dal Pane, Eugenio
245
0
_a
Camino a Damásco:
264
_b
UCSS
942
_c
LIB
999
_c
7535
_d
7535